| 000 | 00701nam a22002177a 4500 | ||
|---|---|---|---|
| 999 |
_c5414 _d5414 |
||
| 003 | AR-CdUCM | ||
| 008 | 190312b ||||| |||| 00| 0 spa d | ||
| 040 |
_aMUNICIPALIDAD PROVINCIAL DEL CUSCO _cBIBLIOTECA MUNICIPAL DEL CUSCO |
||
| 082 |
_a702.9862 / _bSE38 |
||
| 110 |
_aGobierno Municipal de Otavalo _916309 |
||
| 245 |
_aSemblanzas del color : _bJosé Bastidas / |
||
| 260 |
_aQuito : _bGobierno Municipal de Otavalo. |
||
| 300 | _c29 cm. | ||
| 500 | _aNo cuenta con numeración impresa. Exposición de arte y subasta | ||
| 650 |
_aEcuador _910121 |
||
| 650 |
_aPintura en óleo _916310 |
||
| 650 |
_aSiglo XX _98 |
||
| 710 |
_aAlianza Francesa _916311 |
||
| 942 |
_2ddc _cLIBROS |
||
| 945 | _araen | ||